000 01154cam a2200433 c 4500
001 493649484
003 DE-627
005 20260213095647.0
007 tu
008 050725s2004 gw ||||| 00| ||ger c
015 _a05,A27,2117
_2dnb
016 7 _a973925434
_2DE-101
020 _a3424013196
035 _a(DE-627)493649484
035 _a(DE-576)118243942
035 _a(DE-599)GBV493649484
035 _a(OCoLC)238002887
035 _a(OCoLC)314768353
040 _aDE-627
_bger
_cDE-627
_erakwb
041 _ager
044 _cXA-DE
082 0 _a943
082 0 4 _a943
084 _aNN 5580
_2rvk
084 _a15.46
_2bkl
100 1 _aSchmidt, Werner
_4aut
245 1 0 _aFriedrich I.
_bKurfürst von Brandenburg, König in Preußen
_cWerner Schmidt
260 _aMünchen
_bEugen Diederichs Verlag
_c1996
263 _aPp. : EUR 4.95
300 _a240 S
_bIll
_c22 cm
490 0 _aDiederichs
500 _aLiteraturverz. S. 236 - 237
583 1 _aArchivierung prüfen
_c20200919
_fDE-640
_z1
_2pdager
655 7 _aBiografie
_2gnd-content
936 r v _aNN 5580
936 b k _a15.46
942 _2z
_cB
951 _aBO
999 _c374292
_d374292